| 000 | 00812nam a2200265 i 4500 | ||
|---|---|---|---|
| 001 | 000026276 | ||
| 003 | DO-SdBNP | ||
| 005 | 20241107083409.0 | ||
| 007 | ta | ||
| 008 | 110308s1970 dr 000 0 spa d | ||
| 040 |
_aDO-SdBNP _bspa _cBNPHU _erda |
||
| 082 |
_axxx _bP762M _222 |
||
| 100 |
_aPolanco Brito, Hugo E. _eautor _97924 |
||
| 245 | 1 | 0 |
_aManuel María Valencia : _bpolítico, poeta y sacerdote / _cHugo Eduardo Polanco Brito. |
| 264 |
_aSanto Domingo : _bEditora del Caribe, _c1970. |
||
| 300 |
_a209 páginas ; _c24 cm. |
||
| 336 |
_ardacontent _btexto _2txt |
||
| 337 |
_ardamedia _bsin mediación _2n |
||
| 338 |
_ardacarrier _bvolumen _2nc |
||
| 500 | _aIncluye índice | ||
| 500 | _aIncluye notas al pie de las páginas | ||
| 590 | _aInventariado, 2024/DG | ||
| 910 | _aDG | ||
| 942 |
_2ddc _cLBS1 |
||
| 999 |
_c25768 _d25768 |
||